Normal view MARC view

Entry Personal Name

Number of records used in: 1

001 - CONTROL NUMBER

  • control field: 866437

003 - CONTROL NUMBER IDENTIFIER

  • control field: OSt

005 - DATE AND TIME OF LATEST TRANSACTION

  • control field: 20260114154819.0

008 - FIXED-LENGTH DATA ELEMENTS

  • fixed length control field: 260114|| aca||aabn | a|a d

040 ## - CATALOGING SOURCE

  • Original cataloging agency: OSt
  • Transcribing agency: OSt

100 ## - HEADING--PERSONAL NAME

  • Personal name: कुलदीप, ले

670 ## - SOURCE DATA FOUND

  • Source citation: Work cat.: (OSt)1468449: कुलदीप, ले., ऋग्वेदानुक्रमणी का समीक्षात्मक अध्ययन, 2018
Copyright @ Delhi University Library System